[Event "EU-chT (Men) 15th"]
[Site "Gothenburg"]
[Date "2005.07.31"]
[Round "2.2"]
[White "Hracek, Zbynek"]
[Black "Lautier, Joel"]
[Result "0-1"]
[WhiteElo "2591"]
[BlackElo "2672"]
[Annotator "Ribli,Z"]
[PlyCount "72"]
[EventDate "2005.07.30"]
[EventType "team-swiss"]
[EventRounds "9"]
[EventCountry "SWE"]
[SourceTitle "CBM 109"]
[Source "ChessBase"]
[SourceDate "2005.11.14"]
[SourceVersion "1"]
[SourceVersionDate "2005.11.14"]
[SourceQuality "1"]
[WhiteTeam "Czech Republic"]
[BlackTeam "France"]
[WhiteTeamCountry "CZE"]
[BlackTeamCountry "FRA"]

1. e4 c5 2. Nf3 e6 3. d4 cxd4 4. Nxd4 Nc6 5. Nc3 a6 {Diese Variante ist
heutzutage wieder populär. Die Ursache ist, dass im Falle von 5...Qc7 die
weiße Fortsetzung 6.Be3, 7.Qd2 und 8.0-0-0 für Schwarz sehr unangenehm ist,
während 6.Be3 Nf6 7.Qd2 Bb4 8.f3 d5 Schwarz bequemes Spiel bietet; es scheint,
dass der Sicherungszug 5...a6 vorziehen ist vor 5...Qc7.} 6. Nxc6 bxc6 7. Bd3
d5 8. O-O Nf6 9. Re1 Be7 (9... Bb7 10. Bf4 Be7 11. Qf3 g6 12. Rad1 O-O 13. Bg5
d4 14. Na4 Nd7 15. Bxe7 Qxe7 16. e5 Rab8 17. Qe2 c5 18. Be4 Bxe4 19. Qxe4 Nb6
20. Nxb6 Rxb6 $11 {1/2-1/2 Kolev,A-Damljanovic,B/Bajada de la Virgen 2005/CBM
106 ext (34)}) 10. e5 (10. Qf3 O-O 11. Bf4 g6 12. Na4 Bb7 13. Rad1 Qa5 $1 14.
b3 dxe4 15. Bxe4 Nxe4 16. Qxe4 Rad8 17. h3 {1/2-1/2 Nakamura,H-Volokitin,A/
Biel 2005/CBM 108/[Ribli Zoltan] (41)}) 10... Nd7 11. Qg4 (11. Na4 Nb6 $1 12.
Nxb6 Qxb6 13. b3 a5 $6 (13... O-O 14. Be3 c5 15. c4 dxc4 16. Bxc4 Bb7 $11) 14.
Be3 Qb4 15. Bd2 Qd4 16. Re3 {1/2-1/2 Ni,H-Lautier,J/Taiyuan 2004/(29)}) 11...
g6 12. Bh6 (12. Qe2 c5 13. b3 Bb7 14. Bf4 Bg5 15. Qd2 Bxf4 16. Qxf4 O-O 17. Qh6
Qe7 {1/2-1/2 Libiszewski,F-Lautier,J/Belfort 2004/(37)}) (12. b3 c5 13. Na4 c4
14. Bf1 Bb7 15. Bd2 Bc6 16. Nb2 Qb8 17. Qg3 O-O 18. Rab1 cxb3 19. axb3 Nc5 20.
f3 {1/2-1/2 Adams,M-Svidler,P/Dortmund 2005/CBM 108 (20)}) (12. Bd2 Qc7 13. Qe2
O-O 14. Na4 {[%cal Gc2c4]} c5 15. c4 d4 16. Bh6 Re8 17. b3 Rb8 (17... Bb7) 18.
Rad1 Bb7 19. f4 Bf8 $11 {0-1 Kritz,L-Movsesian,S/Warsaw 2005/CBM 108/[Ribli
Zoltan] (47)}) 12... Rb8 {Das ist der Vorteil der Variante 9...Be7; im Falle
von 9...Bb7 wäre dieser Plan unmöglich. Nachfolgend kann Schwarz Rb4 und - wie
in der Partie - Rxb2 spielen.} 13. Qh3 (13. Rab1 Rb4 14. Qe2 Rh4 $5 15. Bd2 O-O
(15... Qb6 $5) 16. Bxa6 Bxa6 17. Qxa6 Bc5 $44 {[%csl Gc5,Gh4][%cal Gc5g1] 0-1
Zapata,A-Bruzon Bautista,L/Decameron 2003/CBM 99/[Ribli Zoltan] (53).}) (13.
Nd1 $5) 13... Rxb2 $5 {[%mdl 4] Eine ambitionierte Fortsetzung! Zwei Monaten
vorher spielte Schwarz 13...Rb4 im Superturnier, aber Schwarz strebt eine
Verbesserung seines Spiels an.} (13... Rb4 14. Bg7 Rg8 15. Qxh7 Rxg7 16. Qxg7
Bf8 17. Qg8 Qg5 $44 {1/2-1/2 Polgar,J-Anand,V/Sofia 2005/CBM 107(70)Ribli.})
14. Bg7 Rg8 15. Qxh7 Rxg7 16. Qxg7 Bb4 $1 {Schwarz hat eine Qualität weniger,
aber er steht stark auf den schwarzen Feldern, während Weiß Probleme mit der
Figurenkoordination besitzt. Diese Stellung ist sehr scharf und taktisch. EIN
starker Zug (mit Weiß oder mit Schwarz) kann die Partie entscheiden.} 17. Ne2 (
17. Re3 Bxc3 18. Bxg6 Nxe5 19. Rxe5 fxg6 20. Qxg6+ Ke7 (20... Kf8 21. Re3 Qf6
22. Qd3 $18 (22. Rf3 $2 Qxf3 23. gxf3 Rb7 $17 {[%cal Rc3a1,Rb7g7,Rg7g1]})) 21.
Rh5 (21. Qg7+ $5) 21... Qf8 22. Qg4 Qg7 23. Qh4+ Kd6 24. Rh7 Qf6 25. Qg3+ Kc5
26. Qd3 {Martinez Socorro-Lebredo,G/Cabaiguan 1990 (27)} Bd4 27. Rf1 e5 $19) (
17. Na4 Bxe1 18. Nxb2 Bc3 19. Rb1 (19. Bxg6 Qe7 (19... Nxe5 $2 20. Bxf7+ Kd7
21. Bh5+ Kd6 22. Nc4+ $1 Kc5 (22... dxc4 23. Rd1+ Kc5 24. Rxd8 Nf3+ 25. Bxf3
Bxg7 26. Rxc8) 23. Nxe5 Bxa1 24. Nd3+) (19... fxg6 20. Qxg6+ Kf8 21. Qh6+ Kf7
22. Qh7+ $11)) 19... Qb6) (17. Bxg6 Qe7 18. Na4 Bxe1 19. Nxb2 Bc3 20. Rb1 fxg6
21. Qxg6+ Kd8 22. Nd3 Nxe5 {1/2-1/2 Timmerman,G-Kilgour,D/ICCF 1996/ICCF tele
1/2002 (28)}) 17... Bxe1 18. Qh8+ Nf8 $1 (18... Ke7 19. Qh4+) 19. Rxe1 Qb6 $15
{[%cal Gb6b1] In der originellen Stellung hat Schwarz die besseren Aussichten;
sein König steht sicher in der Mitte und seine Schwerfiguren auf der b-Linie
sind stark.} 20. h4 {[%cal Gh4h5] Ein logischer Zug: Weiß möchte die Stellung
mit h4-h5 öffnen und sein Springer strebt nach f6.} c5 21. h5 gxh5 22. Ng3 Qb4
$1 {[%csl Gb4][%cal Gb4f8] Die Dame steht ausgezeichnet auf b4; der Re1 ist
angegriffen und gleichzeitig erhält die Dame die Option, den f8-Springer zu
verteidigen.} 23. Rf1 c4 24. Bh7 h4 $17 {Schwarz hat deutliche Vorteile} 25.
Nh5 {[%csl Yf6][%cal Gh5f6]} Kd8 26. Nf6 Bd7 27. Qg7 (27. c3 Qa3 (27... Qe7 28.
Rb1)) 27... Be8 {[%mdl 256] Schwarz verteidigt alles, Weiß kann seinen Angriff
nicht verstärken.} 28. Qg5 Qe7 29. Qxh4 Nd7 {Schwarz möchte den starke
f6-Springer tauschen, aber die Alternative 29...Rxa2 ist auch stark.} (29...
Rxa2 30. Rb1 Bb5 $17) 30. Qd4 Qb4 (30... Rxa2 $2 31. Rb1 Nxf6 $4 32. Rb8+ $18)
31. Nxd7 Bxd7 32. c3 Qa3 33. Bg8 $2 $138 (33. Bb1 $142) 33... Be8 34. Qa7 $2
Qxc3 $19 35. Qa8+ (35. Bxf7 Bxf7 36. Qxf7 Qxe5 $19) 35... Ke7 36. Qa7+ Kf8 0-1

[Event "EU-Cup 21st"]
[Site "Saint Vincent"]
[Date "2005.09.23"]
[Round "6.3"]
[White "Motylev, Alexander"]
[Black "Horvath, Adam"]
[Result "1-0"]
[WhiteElo "2675"]
[BlackElo "2545"]
[Annotator "Ribli,Z"]
[PlyCount "69"]
[EventDate "2005.09.18"]
[EventType "team-swiss"]
[EventRounds "7"]
[EventCountry "ITA"]
[SourceTitle "CBM 110"]
[Source "ChessBase"]
[SourceDate "2006.01.31"]
[SourceVersion "1"]
[SourceVersionDate "2006.01.31"]
[SourceQuality "1"]
[WhiteTeam "Cheliabinsk"]
[BlackTeam "Zalaegerszeg"]
[WhiteTeamCountry "RUS"]
[BlackTeamCountry "HUN"]

1. e4 c5 2. Nf3 e6 3. d4 cxd4 4. Nxd4 Nc6 5. Nc3 a6 {Diese Zugfolge ist in der
letzten Zeit wieder populär geworden. Mittels der Variante 5...Qc7 6.Be3 a6 7.
Qd2 Nf6 8.0-0-0 Bb4 9.f3 hat Weiß gute Angriffchancen und gute Ergebnisse
erzielt. Jetzt ist 6.Be3 weniger stark, als 6...Nf6 7.Qd2 Bb4 8.f3 d5, da
Schwarz gutes Figurenspiel erhält.} 6. Nxc6 {Das ist die konsequenteste
Fortsetzung. Nach anderen Zügen, wie 6.Be2, oder 6.g3 Schwarz kann mit 6...Qc7
fortsetzen.} bxc6 7. Bd3 d5 8. O-O Nf6 9. Re1 Be7 {Die Alternative ist 9...Bb7,
aber der Textzug ist populärer in der letzten Zeit.} 10. e5 Nd7 11. Na4 {
[%cal Gc2c4] Ein typischer Plan mit Weiß: er möchte 12.c4 ziehen mit aktivem
Spiel am Damenflügel.} (11. Qg4 g6 12. Bh6 (12. b3 c5 13. Na4 c4 14. Bf1 Bb7
15. Bd2 Bc6 16. Nb2 Qb8 17. Qg3 O-O 18. Rab1 cxb3 19. axb3 Nc5 20. f3 {1/2-1/2
Adams,M-Svidler,P/Dortmund 2005/CBM 108 (20)}) (12. Bd2 Qc7 13. Qe2 O-O 14. Na4
{[%cal Gc2c4]} c5 15. c4 d4 16. Bh6 Re8 17. b3 Rb8 (17... Bb7) 18. Rad1 Bb7 19.
f4 Bf8 $11 {0-1 Kritz,L-Movsesian,S/Warsaw 2005/CBM 108/[Ribli 47)}) 12... Rb8
13. Qh3 Rxb2 $5 (13... Rb4 {[%csl Gb4][%cal Gb4h4]} 14. Bg7 Rg8 $5 $146 15.
Qxh7 Rxg7 16. Qxg7 Bf8 17. Qg8 Qg5 $1 $44 {[%csl Gb4,Re5,Gg5,Rg8] 1/2-1/2
Polgar,J-Anand,V/Sofia 2005/CBM 107/[Ribli] (70) Ribli Zoltan}) 14. Bg7 Rg8 15.
Qxh7 Rxg7 16. Qxg7 Bb4 $1 {0-1 Hracek,Z-Lautier,J/Gothenburg 2005/CBM 109/
[Ribli Zoltan] (36)}) 11... Nb6 (11... a5 12. Qg4 g6 13. Bh6 Bf8 14. Bxf8 Kxf8
15. c4 Ba6 16. Qd4 (16. b3 $5 Nb6 $140 17. Nc5) 16... Kg7 17. Rac1 {1-0
Huebner,R-Begovac,F/Schweiz 1997/(51)}) (11... c5 $5 12. c4 d4) 12. Nxb6 Qxb6
13. c4 (13. b3 a5 $6 (13... O-O 14. Be3 c5 15. c4 dxc4 16. Bxc4 Bb7) 14. Be3
Qb4 15. Bd2 Qd4 16. Re3 g6 17. c3 $14 {1/2-1/2 Ni,H-Lautier,J/Taiyuan 2004/(29)
}) 13... dxc4 $6 {Dieser Zug gefällt mir nicht, da Schwarz seine
Bauernstruktur verschlechtert.} (13... a5 $5 {[%cal Gc8a6,Ga6d3]}) 14. Bxc4 O-O
15. Qb3 $1 $14 Qd4 (15... Qxb3 16. Bxb3 $14) 16. Qc3 Bc5 $2 (16... Qxc3 17.
bxc3 c5 18. Rb1 Bd7 19. Rb7 Rfd8 20. Be3 Kf8 21. h3 Bb5 22. Bxb5 axb5 23. Rxb5
Rxa2 $14) 17. Qc2 $1 {[%csl Rd4] Nach diesem Zug ist klar, dass die schwarze
Dame auf d4 schlecht steht; die weiße Drohung ist 18.Be3.} Be7 18. Bd3 Qh4 (
18... Kh8 19. Re3 $16 (19. Qxc6 Rb8)) 19. Re3 $16 {[%cal Re3h3,Rh3h7][%mdl 128]
} h6 20. g3 Qd4 (20... Qh5 21. Be2 Qh3 22. Qxc6 $16) 21. Re4 Qd5 22. Be3 (22.
Bc4 Qd7 23. Be3 $16) 22... c5 23. Rg4 {[%cal Gg4g8,Rd3e4,Re4a8,Re3h6]} Qxe5 24.
Bxh6 Bf6 25. Bh7+ Kh8 {[#]} 26. Bxg7+ $1 $18 {[%mdl 64] Eine schöne
Kombination, die sofort zum Gewinn führt. Weiß vernichtet die schwarze
Verteidigung.} Bxg7 27. Be4 {[%csl Rh8][%cal Re4a8,Rg4h4,Rh4h8]} Rb8 28. Rh4+
Bh6 (28... Kg8 29. Bh7+ Kh8 30. Bg8+ $18) 29. Qd2 Qg7 30. Rxh6+ Kg8 31. Bh7+
Kh8 32. Rh5 {Die weiße Drohung ist 33.Bc2+ Kg8 34.Rg5 mit Damengewinn.} Qxb2
33. Bc2+ Kg8 34. Rg5+ (34. Qh6 Qxa1+ 35. Kg2 Bb7+ 36. Kh3 $18) 34... Kh8 35.
Qd1 {[%csl Rh8][%cal Rd1h5,Rh5h8]} 1-0

[Event "UKR-ch KO 74th"]
[Site "Rivne"]
[Date "2005.08.24"]
[Round "1.1"]
[White "Kononenko, Dmitry"]
[Black "Gritsak, Orest"]
[Result "1-0"]
[WhiteElo "2430"]
[BlackElo "2537"]
[Annotator "Ribli,Z"]
[PlyCount "49"]
[EventDate "2005.08.24"]
[EventType "k.o."]
[EventRounds "5"]
[EventCountry "UKR"]
[SourceTitle "CBM 109"]
[Source "ChessBase"]
[SourceDate "2005.11.14"]
[SourceVersion "1"]
[SourceVersionDate "2005.11.14"]
[SourceQuality "1"]

1. e4 c5 2. Nf3 e6 3. d4 cxd4 4. Nxd4 Nc6 5. Nc3 a6 6. Be2 (6. Be3 $5) 6...
Nge7 {Auf diese Weise vermeidet Schwarz die Fortsetzung Qc7 und der Springer
soll entweder mit Ng6 oder nach Nxd4 mit Nc6 ins Spiel kommen. Meiner Meinung
nach ist die Alternative 6...Qc7 sicherer.} (6... Qc7 {Mit diesem Zug kann
Schwarz in die Variante 5...Qc7 6.Be2 a6 überleiten.}) 7. O-O {Eine natürliche
Fortsetzung, aber Weiß besitzt andere Alternativen: 7.Nb3 (wonach Schwarz
nicht auf d4 nehmen kann und mit 7...Ng6 fortsetzen muss), 7.f4 (nach 7...Nxd4
8.Qxd4 Nc6 kann Weiß 9.Qf2 und 10.Be3 ziehen,) 7Be3 und 7.Bf4.} b5 {Statt
dieser Fortsetzung verdient der sofortige Tausch auf d4 Aufmerksamkeit.} (7...
Nxd4 $5 8. Qxd4 Nc6 9. Qd1 (9. Qd3 Qc7) 9... b5 (9... Qc7) 10. Bf4 d6 11. Qd2
Ne5 12. Rad1 Bd7 13. a3 Be7 14. Bg3 Bc6 15. Qd4 O-O 16. f4 Nd7 17. Kh1 Qc7 {
0-1 Babaev,R-Yegiazarian,A/Batumi 2002/ (40)}) 8. Bf4 $5 Nxd4 9. Qxd4 Nc6 10.
Qd3 Be7 11. Qg3 {[%csl Gg3] Die Dame steht aktiv auf g3: es "hängt" der Bauer
auf g7 und gleichzeitig droht 12.Bc7 mit Damenfang.} O-O 12. e5 {[%csl Yd6]
[%mdl 32] Mit diesem Zug gewinnt Weiß Raum im Zentrum und das Feld d6 ist ein
positionelles Loch in der schwarzen Stellung. Die konkrete weiße Drohung ist
13.Bh6.} (12. Rad1 Kh8 13. Kh1 (13. e5) 13... f6 14. Bc7 Qe8 15. Rd2 Ra7 16. a3
Qg6 17. Bd6 Qxg3 18. hxg3 Bxd6 19. Rxd6 Kg8 20. Rfd1 Kf7 21. Kg1 {1/2-1/2
Gomez Baillo,J-Rubinetti,J/San Luis 1990/EXT 97 (21)}) 12... Bh4 (12... f5 13.
Bh6 Rf7 14. Bh5 $18) (12... Kh8) 13. Qg4 f5 14. exf6 (14. Qh5 $6 b4 $132) 14...
Bxf6 15. Bd6 $14 {[%csl Gd6] Weiß hat eine gesunde Bauernstruktur und
positionellen Druck.} Be7 (15... Rf7 16. Bd3 $14) 16. Rad1 (16. Ne4 $14) 16...
Bxd6 17. Rxd6 Bb7 18. Bd3 (18. Rfd1 Ne5 19. Qg3 Qf6) 18... Qe7 (18... Ne5 $2
19. Bxh7+ $1) 19. Rd1 Rfd8 (19... Rad8) 20. Be4 $16 Rac8 21. Qh5 h6 $2 (21...
g6 22. Qe2 $16) 22. Qg6 {[%mdl 128] Mit einfachen Zügen erlangt Weiß
deutlichen Angriff; der schwarze König hat keine Verteidigung.} Rc7 (22... Qf7
23. Qxf7+ Kxf7 24. Rxd7+ $18) (22... Kf8 23. Qh7 Qf7 24. R6d3 Qg8 25. Qxg8+
Kxg8 26. Rxd7 $18) 23. Qh7+ $18 Kf8 24. Bg6 {[%csl Rf8][%cal Rh7h8,Rh8f8]} Qf6
25. Nd5 {[%csl Rf6,Rf8][%cal Gd6f6]} 1-0

[Event "EU-ch 6th"]
[Site "Warsaw"]
[Date "2005.06.23"]
[Round "6"]
[White "Kritz, Leonid"]
[Black "Movsesian, Sergei"]
[Result "0-1"]
[WhiteElo "2549"]
[BlackElo "2628"]
[Annotator "Ribli,Z"]
[PlyCount "94"]
[EventDate "2005.06.18"]
[EventType "swiss"]
[EventRounds "13"]
[EventCountry "POL"]
[SourceTitle "CBM 108"]
[Source "ChessBase"]
[SourceDate "2005.09.26"]
[SourceVersion "1"]
[SourceVersionDate "2005.09.26"]
[SourceQuality "1"]

1. e4 c5 2. Nf3 Nc6 3. d4 cxd4 4. Nxd4 e6 5. Nc3 a6 6. Nxc6 {Mit dieser
Fortsetzung hat Weiß Hoffnungen auf Eröffnungsvorteil. Die Alternativen 6.Be2,
6.Be3 und 6.g3 sind weniger gefährlich für Schwarz.} bxc6 7. Bd3 d5 8. O-O Nf6
9. Re1 Be7 {Statt der Partiefortsetzung ist 9...Bb7 die andere Hauptvariante.
Der Nachteil des Textzugs besteht darin, dass mit 10.e5 und 11.Qg4 Weiß
direkte Angriffchancen am Königsflügel erhält. Der große Vorteil des Textzugs
ist, dass Schwarz kann Rb8 und möglicherweise Rb4 ziehen, der im Falle von 9...
Bb7 sinnlos wäre.} 10. e5 Nd7 11. Qg4 g6 12. Bd2 {Das ist ein normaler
Entwicklungszug, der, nach meiner persönlichen Meinung, ungefährlich für
Schwarz ist.} (12. b3 c5 13. Na4 c4 14. Bf1 Bb7 15. Bd2 Bc6 16. Nb2 Qb8 17. Qg3
O-O 18. Rab1 cxb3 19. axb3 Nc5 20. f3 {1/2-1/2 Adams,M-Svidler,P/Dortmund 2005/
CBM 108 (20)}) (12. Bh6 Rb8 13. Qh3 Rb4 $5 14. Bg7 Rg8 15. Qxh7 Rxg7 16. Qxg7
Bf8 17. Qg8 Qg5 $44 {1/2-1/2 Polgar,J-Anand,V/Sofia 2005/CBM 107(70)}) (12. Bf4
Rb8 13. Rab1 Bb7 14. Na4 Qa5 15. b3 c5 16. c4 d4 17. Qe2 Bc6 {Quezada,Y-Bruzon,
L/Cuba 2004/(24)}) (12. Qe2 c5 13. b3 Bb7 14. Bf4 Bg5 15. Qd2 Bxf4 16. Qxf4 O-O
17. Qh6 Qe7 {1/2-1/2 Libiszewski,F-Lautier,J/Belfort FRA 2004/(37)}) (12. Na4
Qa5 $1 13. c3 c5 14. Bc2 Bb7 15. Bh6 Bc6 16. Qd1 Rb8 17. Rb1 Qc7 18. c4 d4 19.
Be4 Bxe4 20. Rxe4 Qc6 21. Re1 f5 $5 $11 22. exf6 {1/2-1/2 Eismont,O-Romanishin,
O/Biel 1995/CBM 48 ext (44)}) 12... Qc7 (12... Rb8 13. Na4 O-O 14. b3 f5 15.
exf6 Nxf6 16. Qe2 Bd6 17. f4 Qc7 18. g3 a5 19. c4 c5 20. Nc3 Bd7 21. Nb5 Bxb5
22. Qxe6+ Kg7 23. cxb5 Rbe8 24. Qh3 c4 25. bxc4 dxc4 26. Bf1 c3 {0-1 Van
Haastert,E-Ma,W/Dieren 1998/EXT 99 (26)}) 13. Qe2 (13. f4 Qb6+ 14. Kh1 Qxb2 15.
Rab1 Qa3 $15) (13. Qg3) 13... O-O 14. Na4 {[%cal Gc2c4] Das ist ein typisches
Springermanöver in dieser Variante: Weiß bereitet 15.c4 vor, die schwarze
Antwort ist erzwungen.} c5 15. c4 d4 {Aufgrund der geschlossenen
Bauernstellung im Zentrum ist es für beide Seiten nicht leicht,
Bauerndurchbruchsmöglichkeit zu finden. Jetzt beginnt der Manöverkampf.} 16.
Bh6 Re8 17. b3 Rb8 (17... Bb7) 18. Rad1 Bb7 19. f4 Bf8 $11 {Weiß hat
Raumvorteil am Königsflügel, aber keine Angriffsmöglichkeiten. Anderseits ist
es eine gute Idee von Schwarz, den h6-Läufer zu tauschen.} 20. Bxf8 (20. Bg5
Bc6 21. Nb2 $11) 20... Rxf8 21. Qg4 Rbe8 {[%cal Gf7f5] Schwarz verteidigt den
e6-Bauern und bereitet 22...f5! vor.} 22. Qg3 (22. Be4 f5) 22... f5 $1 {
[%csl Ye4][%cal Yf5e4][%mdl 32] Typisch, aber stark. Wenn Weiß den Bauern mit
23.exf6 ep.nimmt, wird sein f4P schwach, wenn nicht, kontrolliert Schwarz das
Feld e4 und Weiß kann nie Be4 ziehen.} 23. h4 (23. exf6 $6 Rxf6 24. Rf1 Ref8 {
[%csl Rf4]}) 23... Re7 24. h5 Kh8 $1 {[%cal Gf8g8,Gg8g1]} 25. Qg5 (25. hxg6 $6
Rg7 $17 {[%cal Gg7g1]}) 25... Qd8 26. h6 Ree8 27. Bc2 (27. Qxd8 Rxd8 $15 {
Nachfolgend kann Schwarz 28...Rg8 und 29...g5 ziehen, weil Weiß keine aktive
Möglichkeiten besitzt.}) 27... a5 (27... Qxg5 28. fxg5 Bc6 29. Nb2 a5 30. Nd3
$11) 28. a3 $6 Bc6 (28... Qxg5 29. fxg5 Bc6 30. Nb2 Rb8 $15) 29. b4 $2 {
Weiß möchte die starke schwarze Bauernkette c5-d4 sprengen, aber dieser Zug
hilft nur dem Gegner.} axb4 30. axb4 cxb4 31. Rxd4 (31. Qxd8 Rxd8 32. Rxd4 Bxa4
33. Bxa4 Nc5 $17 {[%csl Gc5]}) 31... Qa5 $1 $17 {[%csl Ra4,Ga5][%cal Ga5e1,
Rb4b3][%mdl 2048] Schwarz aktiviert die Dame und plötzlich hat Weiß große
Schwierigkeiten am Damenflügel.} 32. Red1 Rf7 {[%csl Gf7][%cal Gf7d7] Der f7R
ist ein gute Verteidigungsfigur; er verteidigt sicher die 7. Reihe.} (32...
Bxa4 $2 33. Bxa4 Qxa4 34. Rxd7 $36) 33. Nb2 Qa2 {[%csl Ga2,Rb2,Rc2]} 34. Rd6 (
34. Rb1 b3 35. Bd3 Qa7 $19) 34... Qxb2 $19 35. Rxc6 Qxc2 {Schwarz hat eine
Figur mehr und steht auf Gewinn.} 36. Rxd7 {Dieser Zug beseitigt nicht die
weißen Schwierigkeiten, aber statt sofortiger Aufgabe verfügt Weiß über einige
Schachgebote.} Rxd7 37. Rc8 Qd1+ (37... Rxc8 38. Qf6+ Kg8 39. Qxe6+ Kf8 40.
Qf6+ Rf7 41. Qh8+ Ke7 42. Qxc8 Qc1+ $19) 38. Kh2 Rxc8 39. Qf6+ Kg8 40. Qxe6+
Rf7 (40... Kf8 41. Qf6+ Rf7 42. Qh8+ Ke7 43. Qxc8 Qd8 $19) 41. Qxc8+ Rf8 42.
Qb7 (42. Qe6+ Kh8 $19) 42... Qh5+ 43. Kg1 Qxh6 44. Qd5+ Kh8 45. c5 Qh4 (45...
Qxf4 $19) 46. c6 Rd8 47. Qf3 Qe7 0-1